Česká hymna - náhlá smrt - Statistics

General Stats
  • This quiz has been taken 99 times
  • The average score is 13 of 27
Answers on the Grid
Answers color-coded by a green-red scale on the quiz's grid according to % correct below.
kde
domov
můj
voda
hučí
po
lučinách
bory
šumí
skalinách
v
sadě
skví
se
jara
květ
zemský
ráj
to
na
pohled
a
je
ta
krásná
země
česká
lid
ten
dům
kraj
lesy
řeky
strdí
dál
do
přes
doma
dolinách
hory
 
Answer Stats
Answer % Correct
můj
70%
kde
67%
bory
64%
domov
64%
voda
64%
skalinách
58%
česká
55%
hučí
55%
lučinách
55%
šumí
55%
skví
52%
země
52%
květ
48%
po
48%
pohled
48%
sadě
48%
ráj
45%
zemský
45%
jara
42%
krásná
39%
na
39%
se
36%
ta
36%
to
36%
v
36%
a
33%
je
30%
No matching quizzes found
Score Distribution
Percent of People with Each Score
Percentile by Number Answered
Your Score History
You have not taken this quiz